000 00267nam a2200121Ia 4500
005 20251028132448.0
008 251020t2018||||xx |||||||||||||| ||spa||
041 _aspa
100 _aAndruet, Armando S.
245 0 _aÉtica judicial
260 _c2018
942 _CLB
_cLB
999 _c2604
_d2604